HOW TO PRACTICE GMPs (Record no. 8610)

MARC details
000 -LEADER
fixed length control field 00453nam a22001817a 4500
005 - DATE AND TIME OF LATEST TRANSACTION
control field 20240902122813.0
008 - FIXED-LENGTH DATA ELEMENTS--GENERAL INFORMATION
fixed length control field 31b |||||||| |||| 00| 0 eng d
020 ## - INTERNATIONAL STANDARD BOOK NUMBER
ISBN 2408978-81-905957-9-7
041 ## - LANGUAGE CODE
Language code of text/sound track or separate title eng
082 ## - DEWEY DECIMAL CLASSIFICATION NUMBER
Classification number 615.19 SHA
100 ## - MAIN ENTRY--AUTHOR NAME
Personal name SHARMA, P.P
245 ## - TITLE STATEMENT
Title HOW TO PRACTICE GMPs
250 ## - EDITION STATEMENT
Edition statement 7th ed. 2020.
260 ## - PUBLICATION, DISTRIBUTION, ETC. (IMPRINT)
Place of publication DELHI
Name of publisher VANDANA PUBLICATION
Year of publication 2015
300 ## - PHYSICAL DESCRIPTION
Number of Pages 780;p
650 ## - SUBJECT ADDED ENTRY--TOPICAL TERM
Topical Term PHARMACY
General subdivision M.PHARMA
942 ## - ADDED ENTRY ELEMENTS (KOHA)
Koha item type Books
Holdings
Lost status Damaged status Collection code Home library Current library Shelving location Date acquired Source of acquisition Cost, normal purchase price Serial Enumeration / chronology Full call number Accession Number Koha item type
    Reference JRU Library JRU Library SHELF-72-B 30/08/2024 PURCHASE 2500.00 NEW ARRIVALS SHELF 615.19 28352 Books